000 00754nam a2200241Ia 4500
005 20260121112853.0
008 9454 260114s9999 xx 000 0 eng d
020 _a9789812792945
037 _aEBOOK
040 _aCRL
_beng
_cCRL
041 _aeng
_2eng
084 _qCRL
100 _aTampieri A & Celotti G
_9964531
245 0 _aSuperconducting Materials: Advances in Technology and Applications - Proceedings of the International Advanced School "Leonardo Da Vinci" - 1998 Summer Course
260 _bWorld Scientific
260 _bWSPC
260 _c2000
650 _aPhysics
_9964532
856 _uhttps://www.worldscientific.com/worldscibooks/10.1142/4412#t=toc
942 _cEBOOK
999 _c1546754
_d1546754